[Event "Wohlen op 4th"]
[Site "Wohlen"]
[Date "2023.08.26"]
[Round "3"]
[White "Panos, Jannis"]
[Black "Neves, Vincent"]
[Result "0-1"]
[WhiteElo "1667"]
[BlackElo "1841"]
[PlyCount "92"]
[EventDate "2023.08.25"]
[EventType "swiss"]
[EventRounds "5"]
[EventCountry "SUI"]
[SourceTitle "EXT 2024"]
[Source "ChessBase"]
[SourceDate "2023.10.10"]
[SourceVersion "1"]
[SourceVersionDate "2023.10.10"]
[SourceQuality "1"]

1. d4 Nf6 2. Nf3 e6 3. c4 b6 4. g3 Bb7 5. Bg2 Be7 6. 0-0 0-0 7. Nc3 Ne4 8. Qc2 Nxc3 9. Qxc3 d6 10. Nd2 Bxg2 11. Kxg2 d5 12. f4 Bf6 13. Nf3 c5 14. e3 Nc6 15. Rd1 Rc8 16. b3 dxc4 17. bxc4 cxd4 18. exd4 Na5 19. c5 Rxc5 20. Qd3 Rd5 21. Ba3 Be7 22. Bb2 Qa8 23. Rac1 Rfd8 24. Kf2 Bf6 25. Qe4 Qb7 26. Rc2 b5 27. h4 Nc4 28. Ba1 Nd6 29. Qe2 h5 30. Ne5 Bxe5 31. fxe5 Nf5 32. Rdc1 Nxd4 33. Bxd4 Rxd4 34. Rc7 Qb6 35. Kf1 Rd1+ 36. Rxd1 Rxd1+ 37. Qxd1 Qxc7 38. Qxh5 Qc1+ 39. Kg2 Qc2+ 40. Kh3 Qf5+ 41. Qxf5 exf5 42. g4 a5 43. gxf5 b4 44. Kg2 a4 45. Kf1 b3 46. axb3 axb3 0-1

[Event "Davos Challenge op"]
[Site "Davos"]
[Date "2022.06.04"]
[Round "2"]
[White "Panos, Jannis"]
[Black "Butenandt, Svenja"]
[Result "0-1"]
[WhiteElo "1473"]
[BlackElo "2062"]
[PlyCount "142"]
[EventDate "2022.06.03"]
[EventType "swiss"]
[EventRounds "7"]
[EventCountry "SUI"]
[SourceTitle "EXT 2023"]
[Source "ChessBase"]
[SourceDate "2022.10.05"]
[SourceVersion "1"]
[SourceVersionDate "2022.10.05"]
[SourceQuality "1"]

1. d4 Nf6 2. c4 e6 3. Nc3 Bb4 4. Nf3 b6 5. Bg5 h6 6. Bh4 g5 7. Bg3 Ne4 8. Qc2 Bb7 9. Nd2 Bxc3 10. bxc3 Nxg3 11. hxg3 d6 12. e4 Nd7 13. a4 a5 14. g4 Qf6 15. Qd3 Qf4 16. Qf3 Qxf3 17. gxf3 Nf8 18. Nb3 Nd7 19. Bd3 0-0-0 20. Ke2 Nf8 21. Rh2 Ng6 22. Rah1 Bc6 23. Ra1 Nf4+ 24. Ke3 h5 25. d5 Bd7 26. gxh5 Rh6 27. Nd4 Rdh8 28. Ne2 Rxh5 29. Rxh5 Ng2+ 30. Kd2 Rxh5 31. Bc2 Rh2 32. Rg1 e5 33. Bd1 f6 34. Bc2 Be8 35. Ng3 Nf4 36. Ke3 Nh3 37. Rf1 Rg2 38. Ne2 Kd8 39. Bd1 Bd7 40. Bc2 Ke7 41. Bd1 Kf7 42. Bc2 Kg7 43. Bd1 Rh2 44. Bc2 Kg6 45. Ng3 Nf4 46. Ne2 Ng2+ 47. Kd2 Nh4 48. Ke3 Bh3 49. Rc1 Bg2 50. Ng1 Rh1 51. Rd1 Bxf3 52. Nxf3 Rh3 53. Bd3 Rxf3+ 54. Ke2 g4 55. Rh1 Rh3 56. Rg1 Kg5 57. Rb1 Ng6 58. Kd2 Rh2 59. Ke3 Nf4 60. Bf1 Rh1 61. Rc1 Ng2+ 62. Kd2 Nh4 63. Ke3 Nf3 64. Rd1 Kh4 65. Be2 Rh3 66. Rc1 Nd4+ 67. f3 Nxf3 68. Bxf3 Rxf3+ 69. Ke2 Kg3 70. Rg1+ Kf4 71. Kd2 g3 0-1